Sách trả lời tâm lý cho nam sinh - nữ sinh

Tallennettuna:
Bibliografiset tiedot
Päätekijä: Hề Hoa
Aineistotyyppi: Kirja
Kieli:Undetermined
Julkaistu: Thành phố Hồ Chí Minh Thanh niên 2004
Aiheet:
Tagit: Lisää tagi
Ei tageja, Lisää ensimmäinen tagi!
Thư viện lưu trữ: Trung tâm Học liệu Trường Đại học Cần Thơ
LEADER 00595nam a2200205Ia 4500
001 CTU_74346
008 210402s9999 xx 000 0 und d
020 |c 58000 
082 |a 155.5 
082 |b H250 
100 |a Hề Hoa 
245 0 |a Sách trả lời tâm lý cho nam sinh - nữ sinh 
245 0 |c Hề Hoa; Huy Sanh, Trần Thu Nguyệt dịch 
260 |a Thành phố Hồ Chí Minh 
260 |b Thanh niên 
260 |c 2004 
650 |a Youth 
650 |x Psychology 
904 |i Tuyến 
980 |a Trung tâm Học liệu Trường Đại học Cần Thơ